Windows NT server 4.0 in the enterprise : (Record no. 62633)
[ view plain ]
| 000 -LEADER | |
|---|---|
| fixed length control field | 00756nam a22001817a 4500 |
| 005 - DATE AND TIME OF LATEST TRANSACTION | |
| control field | 20120213132422.0 |
| 020 ## - INTERNATIONAL STANDARD BOOK NUMBER | |
| International Standard Book Number | 0074636928 |
| Terms of availability | 00.00 |
| 035 ## - SYSTEM CONTROL NUMBER | |
| System control number | B-7098 |
| 037 ## - SOURCE OF ACQUISITION | |
| Stock number | DPL |
| Source of stock number/acquisition | ENG |
| 100 ## - MAIN ENTRY--PERSONAL NAME | |
| Personal name | Kinnaman, Dave |
| 245 ## - TITLE STATEMENT | |
| Title | Windows NT server 4.0 in the enterprise : |
| Remainder of title | Accelerated MCSE study guide / |
| Statement of responsibility, etc | by Dave Kinnaman, Theresa Hadden and Patrick Terrance Neal |
| 260 ## - PUBLICATION, DISTRIBUTION, ETC. (IMPRINT) | |
| Place of publication, distribution, etc | New Delhi |
| Name of publisher, distributor, etc | Tata McGraw-Hill Publishing |
| Date of publication, distribution, etc | 1999 |
| 300 ## - PHYSICAL DESCRIPTION | |
| Extent | xii, 366p. |
| Dimensions | 18 cms. |
| 700 ## - ADDED ENTRY--PERSONAL NAME | |
| Personal name | Hadden, Theresa |
| 9 (RLIN) | 41755 |
| 700 ## - ADDED ENTRY--PERSONAL NAME | |
| Personal name | Neal, Patrick Terrance |
| 9 (RLIN) | 41756 |
| 942 ## - ADDED ENTRY ELEMENTS (KOHA) | |
| Source of classification or shelving scheme | Dewey Decimal Classification |
| Item type | English Books |
| Classification part | 005.43 |
| Call number suffix | KIN |
| Withdrawn status | Lost status | Not for loan | Collection code | Home library | Current library | Date acquired | Cost, normal purchase price | Full call number | Barcode | Cost, replacement price | Koha item type |
|---|---|---|---|---|---|---|---|---|---|---|---|
| Non-fiction | Sarojini Nagar | Sarojini Nagar | 13/02/2012 | 0.00 | 005.43 KIN | B-7098 | 0.00 | English Books |
